|
|
|
|
| LEADER |
00663nam a22002172a 4500 |
| 001 |
001430988 |
| 003 |
CZ BrMZK |
| 005 |
20240412133541.0 |
| 007 |
ta |
| 008 |
141022s1956 xr a er|||||||||||pol d |
| 040 |
|
|
|a BOA001
|b cze
|
| 041 |
0 |
|
|a pol
|a rus
|
| 245 |
0 |
0 |
|a Język rosyjskij dla klasy 6 /
|c Antonín Hofmann ... [et al.
|
| 250 |
|
|
|a 1. wyd.
|
| 260 |
|
|
|a Praha :
|b Státní pedagogické nakladatelství,
|c 1956
|
| 300 |
|
|
|a 153 s. :
|b il.
|
| 700 |
1 |
|
|a Hofman, Antonín,
|d 1912-
|7 jk01041542
|4 aut
|
| 910 |
|
|
|a BOA001
|b 2-0364.190
|
| 990 |
|
|
|a BK
|
| 991 |
|
|
|b 201410
|
| 996 |
6 |
|
|b 2619152111
|c 2-0364.190
|l MZK
|r Sklad / do 24 hodin
|n 0
|w 001465670
|u 000010
|a 1
|e BOA001
|j MZK50
|s P
|